Régions et Provinces Belges - Statistiques

Statistiques générales
  • Ce quiz a été pris 203 fois
  • Le résultat moyen est 10 sur 13
Statistiques - réponses
Type de quiz Région / Province % Correct
Région Flandre
96%
Région Bruxelles
93%
Région Wallonie
88%
Province Liège
86%
Province Luxembourg
81%
Province Anvers
79%
Province Namur
79%
Province Hainaut
76%
Province Brabant Wallon
69%
Province Flandre-Occidentale
68%
Province Brabant Flamand
67%
Province Flandre-Orientale
67%
Province Limbourg
67%
Aucun quiz correspondant
Distribution des résultats
% des personnes avec chaque résultat
Percentile par nombre de réponses
Votre historique - résultats
Vous n’avez pas pris ce quiz